000 00475nam a2200205Ia 4500
008 210210b1924 xxu||||| |||| 00| 0 eng d
041 _aeng
082 _a825/770
100 _aSAINTSBURY (G)
245 _aCollected essays and papers Vol.4
260 _aLondon
_bJ M Dent & Sons Ltd.
_c1924
440 _aIV
650 _aVol.4
650 _apapers
650 _aessays
650 _aCollected
650 _aand
690 _aEnglish Criticism
906 _a015085
999 _c134391
_d134391